Noe chroniques / (Record no. 22784)

MARC details
000 -LEADER
fixed length control field 00514nam a2200193Ia 4500
008 - FIXED-LENGTH DATA ELEMENTS--GENERAL INFORMATION
fixed length control field 210303s9999 xx 000 0 und d
016 ## - NATIONAL BIBLIOGRAPHIC AGENCY CONTROL NUMBER
Source reto2022b
040 ## - CATALOGING SOURCE
Original cataloging agency NLN
Language of cataloging English
100 ## - MAIN ENTRY--AUTHOR
Author GIONO, Jean
Relator term aut
245 #0 - TITLE STATEMENT
Title Noe chroniques /
Statement of responsibility, etc Jean Giono
260 ## - PUBLICATION, DISTRIBUTION, ETC. (IMPRINT)
Place of publication Paris :
Name of publisher Gillimard,
Date of publication 1961
300 ## - COLLATION
Pagination [?]p.
Other physical details [?]cm.
563 ## - BINDING INFORMATION
Binding note (pbk)
650 ## - TRACINGS
Main Subject Giono, Jean
Subdivision (1st) Criticism and interpretation
942 ## - ADDED ENTRY ELEMENTS (KOHA)
Item type Books
050 ## - LIBRARY OF CONGRESS CALL NUMBER
Classification number PQ2613.I57
Item number N763
082 ## - DEWEY DECIMAL CLASSIFICATION NUMBER
Classification number 848.91
Holdings
Withdrawn status Lost status Source of classification or shelving scheme Damaged status Not for loan Home library Current library Date acquired Total Checkouts Full call number Barcode. Date last seen Price effective from Koha item type
    Library of Congress Classification     LAGOS BRANCH National Library of Nigeria 04/03/2021   PQ2613.I57 N763 2024-555555551001449 04/03/2021 04/03/2021 Books

National Library of Nigeria OPAC is powered by Koha